000 00929nam a2200265 a 4500
005 20200104041519.0
008 140226b1996 gw d||||r||||f10| 0 eng d
040 _aCO-BoIAVH
_cCO-BoIAVH
041 0 _aeng
044 _agx
082 0 4 _a631.5233
_bG37p
110 1 _aGermany Republic.
_bFederal Ministry of Food, Agriculture and Forestry
245 1 0 _aPlant genetic resources for food and agriculture
_bGerman national report
260 _aBonn :
_bFederal Ministry of Food :
_bAgriculture and Forestry,
_c1996.
300 _a167 páginas :
_btablas ;
_c21 x 15 cm.
500 _aIncluye anexos.
650 1 6 _aRecursos genéticos vegetales
650 2 6 _aAgricultura
650 1 6 _aPolítica agrícola
650 2 4 _aConservación in situ
650 2 4 _aConservación ex situ
650 2 6 _aUso de la tierra
650 2 6 _aCooperación internacional
942 _cLIBRO
_2ddc
999 _c1182
_d1182